000 01215nam a2200337 c 4500
003 BLK
005 20191014110318.0
008 180410b bul|||||r ||||||| ||bul||
010 _aKNG00173571000
020 _a978-954-26-1433-3
_bиздат.: Хермес
040 _aBLK
041 _aBUL
_cBUL
072 7 _2bullib
_aН84
_xБългарска художествена литература Н
080 _aБългарска литература
_b821.163.2
_x-4
_z821.163.2-4
100 1 _aЗахариев, Андрей Людмилов
_eпърви автор
_9336935
139 _aЗахариев, Андрей Людмилов
_bЗ 40
245 1 0 _aМетрополитен
_bСезонни мисли
_cАндрей Людмилов Захариев.
257 _aBGR
260 Пловдив
_bХермес
_c2015
300 _a192 с.
_c21 см
380 _aX
490 1 _aСерия Перо
500 _aСъдържа и за авт.
653 _aесета
659 _aН
852 _aЦб 273502
856 4 _qpdf
_u
856 4 _qpdf
_u
942 _cKNG
_n0
_02
944 _aCR
_c30.03.2015
_lф /
_kВиолета_Тройчева
944 _aED
_c10.12.2015
_lф /
_kВиолета_Тройчева
999 _c165921
_d165921